02684nam a2200589 i 4500003000900000005001700009007000300026008004100029020001500070040003000085082002100115245022000136250002200356264004900378300004100427336002700468337003300495338002800528490003300556500005100589500003900640500004100679504003100720590002700751650002800778650003900806650003100845700005800876700005500934700005800989700005301047700006501100700005301165700005701218700005401275700005101329700004601380700004601426700004701472700005001519700004701569700005901616700004701675700004901722700005501771700005201826700005101878910001401929942001401943952012001957999001702077DO-SdBNP20250506084745.0ta250430s1984 sp a r 000 0 spa d a8435902900 aDO-SdBNPbspacBNPHUerda a863.3bL431t22200aLazarillo de Tormes /cAnónimo. ; colaboradores, Pedro Aullón de Haro, Miguel Borroto Recio, José M. Díez Borque, José Escarpanter, Gastón Fdez. dela Torriente y otros ; ilustraciones, Arturo Rodríguez aSegunda edición 1aMadrid, España :bEditorial Playor,c1984. a135 páginasbilustracionesc21 cm. atextobtxt2rdacontent asin mediaciónbn2rdamedia avolumenbnc2rdacarrier1 aClásicos comentados Playor aIncluye esquema para el comentario de la obra. aIncluye notas a pie de páginas.  aEdición especial para estudiantes. aBibliografía p: 131-132. aInventariado, 2025/ YL 4aNovela española91123 4aNovela picaresca española942269 4aLiteratura española96321 aAullón de Haro, Pedro ecolaboradores 4col.9875851 aBorroto Recio, Miguel ecolaboradores4col.9875861 aDíez Borque, José M. ecolaboradores4col.9875871 aEscarpanter, José ecolaboradores4col.9683471 aFdez. de la Torriente, Gastón ecolaboradores4col.9875881 aHuerta Calvo, Javierecolaboradores4col.9875891 aLópez Morales, Humbertoecolaboradores4col.957341 aMartín, José Luisecolaboradores4col.9875901 aMartín Duque, I.ecolaboradores4col.9875911 aMoro, Lilliamecolaboradores4col.9875921 aPalette, Juanecolaboradores4col.9875931 aRomera, Joséecolaboradores4col.9875941 aSerrano, Pío E.ecolaboradores4col.9875951 aShimose, Pedroecolaboradores4col.9875961 aSuárez-Galbán, Eugenioecolaboradores4col.9875971 aTirado, Carlosecolaboradores4col.9875981 aVaquero, Maríaecolaboradores4col.9875991 aZayas-Bazán, Eduardoecolaboradores4col.9876001 aMadrigal, José A.ecolaboradores4col.9876011 aRodríguez, Arturoeilustraciones4il.987602 aYLockward 2ddccLBS1 00102ddc56708GRaBNPHUbBNPHUcCTd2025-04-30l0oBNPHU GR 863.3 L431tp2025-3845r2025-04-30w2025-04-30yLBS1 c58871d58871